Itàlia : la província / Carlo Baccetti la província / Carlo Baccetti
ISBN:
978-84-9803-239-0
Descripción Física:
52 p. ; 24 cm
Colección:
Estudis. Govern Local ; 3
MARC
| LEADER | 00000nam a2200000Ia 4500 | ||
|---|---|---|---|
| 001 | 19613 | ||
| 008 | 160829s2007 xx 000 0 cat d | ||
| 020 | |a 978-84-9803-239-0 | ||
| 080 | |a M-5-461 | ||
| 100 | |a Baccetti, Carlo |9 39995 | ||
| 245 | |a Itàlia : |b la província / Carlo Baccetti | ||
| 260 | |a Barcelona : |b Diputació de Barcelona, |c 2007 | ||
| 300 | |a 52 p. ; |c 24 cm | ||
| 490 | |a Estudis. Govern Local ; 3 | ||
| 590 | |a Bibliografia. | ||
| 590 | |a Al vers de la portada: Centre per a la Innovació Local de la Direcció d'Estudis de la Presidència de la Diputació de Barcelona; Institut de Ciències Polítiques i Socials | ||
| 650 | 0 | |a Administració provincial |z Itàlia |9 40090 | |
| 650 | 0 | |a Administració local |z Itàlia |9 40091 | |
| 710 | 1 | |a Barcelona (Catalunya : Província). |b Diputació |9 52408 | |
| 710 | 2 | |a Institut de Ciències Polítiques i Socials (Barcelona, Catalunya) |e entitat coordinadora |9 55871 | |
| 901 | |a Arxiu | ||
| 942 | |n 1 |2 udc | ||
| 952 | |0 0 |1 0 |4 0 |6 M5461 |7 1 |9 49410 |a Arxiu |b Arxiu |d 2016-12-01 |l 0 |o M-5-461 |p 19613 |r 2016-12-01 00:00:00 |w 2016-12-01 |y ARXIU | ||
| 999 | |c 53252 |d 53252 | ||